00530nam a2200169 i 450000100060000000300090000600500170001500700030003200800410003510000330007624500420010926000590015130000210021049000490023183000490028085200310032943175ES-MaACL20240421063015.0t|030317s1963 sp ||||1| spa d1 aCelaya, Gabriel, d1911-199110aVersos de otoño / cGabriel Celaya. aJerez de la Frontera : b[s.n., c1963] (fImp. Avila) a47 p. ; c19 cm.1 aLa Venencia. Grupo Atalaya de Poesía ; v50 aLa Venencia. Grupo Atalaya de Poesía ; v5 aES-MaACLjE-5118 bR.53102